French Cultural Symbols - Statistics

General Stats
  • This quiz has been taken 299 times
  • The average score is 14 of 22
Answer Stats
Clue Answer % Correct
Military leader and Emperor Napoleon Bonaparte
89%
Long, thin type of bread Baguette
88%
Brie, camembert or roquefort for example Cheese
88%
Iron lattice tower called in Paris Eiffel Tower
83%
National motto fraternité.
83%
National motto Liberté,
83%
National motto égalité,
80%
Drink such as Chablis, Pinot Gris or Champagne Wine
80%
Soft, round and flat cap Beret
79%
National anthem La Marseillaise
75%
National animal Gallic rooster
65%
Nickname for the flag of France Tricolour
64%
Nickname for the National day Bastille Day
59%
Patron saint (hint: Hundred Years' War) Joan of Arc
58%
Feminine national personification Marianne
58%
Lily flower used in heraldry Fleur-de-lis
48%
Science of good eating and art of cooking and serving food Gastronomy
47%
Creation of exclusive high-end fashion outfits {Haute} {couture}
37%
Highest order of merit both military and civil Legion of Honor
36%
Shirt with horizontal blue and white stripes Marinière
32%
Soft conical "Liberty" cap with the apex bent over Phrygian cap
23%
Circular national ornament in the colors of the French flag Cockade of France
17%
No matching quizzes found
Score Distribution
Percent of People with Each Score
Percentile by Number Answered
Your Score History
You have not taken this quiz